Sports Quiz

Random Sports or Cricket Quiz

Most ducks for England in Test Cricket Quiz Stats

 Plays Quiz not verified by Sporcle

Score 0/31 Timer 06:00
0 Plays Today
Ducks Player % Correct
20Mike Atherton
78.6%
13Graham Gooch
68.6%
20Steve Harmison
68.3%
14Ian Botham
67.2%
14Alec Stewart
66.7%
15Andrew Strauss
66.6%
15Phil Tufnell
65.4%
14Nasser Hussain
64.2%
19Matthew Hoggard
63.9%
14Darren Gough
62.9%
17Monty Panesar
60.7%
17Andrew Flintoff
59.3%
19Andrew Caddick
58.6%
12Bob Willis
56.8%
12Graham Thorpe
56.1%
12Marcus Trescothick
54.9%
Ducks Player % Correct
11Graeme Hick
52.3%
16Devon Malcolm
50.3%
16Mike Gatting
48.3%
11Mike Smith
45.7%
12Mark Ramprakash
43.2%
11Fred Trueman
40%
19Derek Underwood
35.9%
12Alan Mullally
28.1%
17John Snow
26.7%
16John Emburey
26.7%
11Alec Bedser
25.2%
13Brian Statham
24.2%
14Derek Randall
14%
17Godfrey Evans
11.1%
13Frank Woolley
5.9%

You're not logged in!

Compare scores with friends on all Sporcle quizzes.
OR
Log In

Sporcle TV

Today on Sporcle TV


Watch our educational content, quiz creation guides, and fun videos on Sporcle TV.

Show Comments

Extras

Top Quizzes Today


Score Distribution

Your Account Isn't Verified!

In order to create a playlist on Sporcle, you need to verify the email address you used during registration. Go to your Sporcle Settings to finish the process.

Report this User

Report this user for behavior that violates our Community Guidelines.

Details: